000 01175nam a2200229 i 4500
001 152883
003 ES-MaACL
005 20230906204918.0
008 931025q1775 sp |||| | spa d
100 1 _aBurriel, Andrés Marcos.
_932769
245 1 0 _aCartas eruditas y críticas /
_cdel P. Andres Marcos Burriel, de la extinguida Compañía de Jesus ; dalas a luz ... Antonio Valladares de Sotomayor.
260 _a[Madrid] :
_ben la Imprenta de la Viuda é hijo de Marin,
_c[1775?]
300 _a[2], 288 [i.e. 292] p. ;
_c4º (20 cm)
500 _aEn p. 1, nota del editor: "la publicación que hicimos de las dichas Cartas en nuestro Semanario Erudito". Este semanario se edita a partir de 1787.
530 _aDisponible en formato digital.
596 _aA. Palau, II, 37569, lo supone impreso en 1775.
597 _aSign.: Sign.: [ ]¹, A-Z4, Aa-Nn4, Oo².
597 _aError de pag., duplicada la numeración de las p. 285-288.
700 1 _aValladares de Sotomayor, Antonio.
_9112732
852 _aES-MaACL
_jR-1078
_z- Enc. pasta española
_x Olim: G-9804
856 _uhttp://bdh-rd.bne.es/viewer.vm?id=0000122509&page=1
_zBiblioteca Digital Hispánica
999 _c152883
_d152883